Standard boiler room (Record no. 54693)
[ view plain ]
| 000 -LEADER | |
|---|---|
| fixed length control field | 00509nam a2200181Ia 4500 |
| 001 - CONTROL NUMBER | |
| control field | 57402 |
| 008 - FIXED-LENGTH DATA ELEMENTS--GENERAL INFORMATION | |
| fixed length control field | 140507s9999 xx 000 0 und d |
| 020 ## - INTERNATIONAL STANDARD BOOK NUMBER | |
| International Standard Book Number | 9780070992979 |
| 040 ## - CATALOGING SOURCE | |
| Transcribing agency | PK-LaUMT |
| 082 ## - DEWEY DECIMAL CLASSIFICATION NUMBER | |
| Classification number | 621.18 |
| Item number | ELO-S |
| 100 ## - MAIN ENTRY--PERSONAL NAME | |
| Personal name | Elonka, Stephen Michael |
| 245 ## - TITLE STATEMENT | |
| Title | Standard boiler room |
| Remainder of title | questions & answers |
| Statement of responsibility, etc | Elonka, Stephen Michael<>Higgins, Alex |
| 260 ## - PUBLICATION, DISTRIBUTION, ETC. (IMPRINT) | |
| Place of publication, distribution, etc | New Delhi,India: |
| Name of publisher, distributor, etc | Tata McGraw-Hill Education, |
| Date of publication, distribution, etc | 1982 |
| 300 ## - PHYSICAL DESCRIPTION | |
| Extent | 434 p. |
| 546 ## - LANGUAGE NOTE | |
| Language note | EN |
| 700 ## - ADDED ENTRY--PERSONAL NAME | |
| Personal name | Higgins, Alex |
| 942 ## - ADDED ENTRY ELEMENTS (KOHA) | |
| Koha item type | Books |
| Withdrawn status | Lost status | Damaged status | Not for loan | Home library | Current library | Date acquired | Total Checkouts | Full call number | Barcode | Date last seen | Price effective from | Koha item type |
|---|---|---|---|---|---|---|---|---|---|---|---|---|
| UMT Main Campus | UMT Main Campus | 2014-05-07 | 621.18 ELO-S | 80593 | 2014-05-08 | 2014-05-08 | Books |
